00671 2200169 4500245004800000020002200048250001100070100001400081650001700095005001900112260004100131041001400172084001000186300002200196500027400218336000900492 aAllah Senantiasa MenjagamucNur HasanhText a978-602-04-5645-4 aCet. 1 aNur Hasan aAkhlak Mulia a20231013135201 aJakartabElex Media Komputindoc2018 aIndonesia a297.5 a196 cm. :c22 cm. aMenjaga Allah maknanya adalah menjaga hak-hak yang sudah ditetapkan-Nya. Seperti hak untuk diagungkan, diesakan, disembah, ditauhidi, dan sebagainya. Buku ini berisi penjelasan tentang pesan-pesan penting dari Allah yang sangat perlu diperhatikan sebagai kaum muslimin. atext